| 000 | 00757nam a2200193 a 4500 | ||
|---|---|---|---|
| 001 | 8056 | ||
| 003 | CO-ViMGA | ||
| 008 | 141112s2004 ck r 000 u spa d | ||
| 020 | _a8428319723 | ||
| 040 |
_aCO-ViMGA _bspa _cCO-ViMGA |
||
| 082 | 0 | 4 | _a621.38932 P371c |
| 100 | 1 |
_aPerales, Tomas _97699 |
|
| 245 | 1 | 0 | _aCamaras de video |
| 260 |
_aMadríd (E), _cParaninfo, _c1992 |
||
| 300 | _a185.p. | ||
| 505 | _aEvolución de las camaras de video Dispositivos captadores de imagen Intensificadores de imagen Camaras de video Generador de sincronismos Modulación de la subportadora de color Control del objetivo Barridos y circuitos asociados Circuitos de tratamiento de la señal Monitores Camascopios | ||
| 650 | 1 | 4 |
_aCAMARAS DE VIDEO _97700 |
| 942 |
_2ddc _cBK |
||
| 999 |
_c19877 _d19877 |
||